000 00490nam a2200169 i 4500
001 46782
003 ES-MaACL
005 20230906161439.0
007 t|
008 030401s1964 sp ||||1| spa d
245 0 0 _aConmemoración de las Juntas Generales.
260 _a[Vitoria :
_bs.n.,
_c1964]
300 _a18 h., 4 lám. ;
_c28 cm.
500 _aPrecede al tít.: Diputación Foral de Alava.
710 1 _aÁlava.
_bConsejo de Cultura.
_91309
852 _aES-MaACL
_jC-26839
_bR.55316
999 _c46782
_d46782